000 00540nam a2200145 a 4500
008 120416s2005 ||||||||||||||||| || u
050 _aIBRD(08)PRWP/3596
100 _aDeichmann, Uwe
245 1 0 _aHousehold savings and residential mobility in informal settlements
260 _aWashington, D. C.
_bWorld Bank
_c2005
300 _a24p. : ill.
350 _a0.00
700 _aLall, Somik V
995 _D0.00
_FCBU-MAIN LIBRARY (Kitwe)
_H1
_I0.00
_UAVAILABLE
_ZInternational Publications
999 _c45710
_d45710